Statistics for Do you really know Austin Mahone

Click here to take the quiz!

General Stats

  • This quiz has been taken 35 times
    (19 since last reset)
  • The average score is 6 of 15

Answer Stats

Hint Answer % Correct
What is the name of his first single?11:11
94%
What is his cat's name?Romo
82%
What is his mom's name?Michele
71%
Name this song: I wanna pledge a bet before the night is over girl I'm gonna make it thatBANGA BANGA
71%
What is his favorite candy?Skittles
65%
What grade did he start home school?7
53%
Where was Austin born?San Antonio, Texas
41%
What is his lucky number?74
41%
What was the name of the youtube channel he did with Alex?ShootUsDown
35%
What is his favorite restaurant?Olive Garden
35%
What was the first song he covered on youtube?Beautiful Soul
24%
What is his manager's name?Rocco Valdes
12%
When is his birthday?4/4/96
6%
What song did he sing to audition for his school's talent show?With You
6%
What record label is he signed with?Chase/Universal Republic Records
0%

Score Distribution

Percentile by Number Answered

Percent of People with Each Score

Your Score History

You have not taken this quiz since the last reset